00826nam a22002177a 450000500170000000800410001705000200005810000250007824000520010324501250015525000110028026000530029130000300034449000330037450400480040765000360045565000290049170000270052070000300054770000310057720190806111329.0190703b mx ||||| |||| 00| 0 spa d04aQK641bS25 19681 aSalisbury, Frank B. 10aVascular plants: form and function.lEspañol.14aLas plantas vasculares b: forma y funciónc/ Frank B Salisbury; Robert V Parke; traductor Ramón Riba y Nava Esparza a1a ed. aMéxico : bHerrero Hermanos Sucesores, c1968. a198 p. : bil. ; c23 cm.0 aFundamentos de la botánica aIncluye bibliografía, glosario e índice 72lembaMorfología (Botánica) 72lembaAnatomía vegetal1 aParke, Robert Veautor1 aRiba, Ramónetraductor 1 aEsparza, Nava etraductor